| 000 | 00782nam a22002297a 4500 | ||
|---|---|---|---|
| 003 | OSt | ||
| 005 | 20140310181740.0 | ||
| 008 | 130322t xxu||||| |||| 00| 0 eng d | ||
| 020 | _a0921217862 | ||
| 050 |
_aLB 1631 _b.G73 1992 |
||
| 082 |
_aLB1631. _bG73 1992 |
||
| 100 |
_aGrant, Janet E. _91204 |
||
| 245 |
_aThe writing coach: _bstrategies for helping students develop their own writing voice / _cJanet E. Grant |
||
| 260 |
_aOntario: _bPembroke Publishers Ltd., _cc1992 |
||
| 300 |
_a95 p. : _c23 cm. |
||
| 521 | _aFaculty | ||
| 541 | _j1 | ||
| 562 | _e1 | ||
| 650 |
_aEnglish Language _xcomposition and exercises- study and teaching _91205 |
||
| 650 |
_aEnglish Language _xcomposition and exercises-study and teaching(secondary) _91206 |
||
| 942 |
_2lcc _cBK-TR _kTR |
||
| 999 |
_c2754 _d2754 |
||